[Event "Championnat de Paris"]
[Site "Paris"]
[Date "????.??.??"]
[Round "2.2"]
[White "Bauer, Christian"]
[Black "Rohit, G."]
[Result "1-0"]
[WhiteElo "2599"]
[BlackElo "2401"]
[PlyCount "111"]

1. d4 Nf6 2. c4 e6 3. g3 d5 4. Nf3 dxc4 5. Bg2 Nc6 6. Qa4 Bb4+ 7. Bd2 Bd6 8.
Ne5 O-O 9. Nxc6 bxc6 10. Qxc4 Rb8 11. Qc2 Ba6 12. Bc3 Nd5 13. O-O Qf6 14. Nd2
Nxc3 15. bxc3 c5 16. Ne4 Qe7 17. Rfb1 f5 18. Rxb8 Rxb8 19. Qa4 fxe4 20. Qxa6
cxd4 21. cxd4 c5 22. dxc5 Bxc5 23. e3 Qf6 24. Rf1 Rb2 25. Bxe4 g6 26. Qc8+ Bf8
27. Qc4 Kg7 28. Qc7+ Qe7 29. Qe5+ Qf6 30. Qa5 Qf7 31. Kg2 Bb4 32. Qe5+ Qf6 33.
Qc7+ Qf7 34. Qc4 Qf6 35. h4 Be1 36. Bf3 Bd2 37. Be2 Qe5 38. Kh3 h5 39. Bd3 Bb4
40. Be4 Bd6 41. f4 Qb5 42. Bd3 Qxc4 43. Bxc4 Rc2 44. Bxe6 Re2 45. Rd1 Bc5 46.
Rd7+ Kf8 47. Bf7 Rxe3 48. Bxg6 Ra3 49. Rf7+ Kg8 50. Rf5 Bf2 51. Rg5 Kf8 52.
Bxh5 Rxa2 53. Bf3 a5 54. h5 Bg1 55. Bg2 a4 56. h6 1-0

[Event "Championnat de Paris"]
[Site "Paris"]
[Date "????.??.??"]
[Round "2.3"]
[White "Chabanon, Jean-Luc"]
[Black "Tregubov, Pavel V"]
[Result "0-1"]
[WhiteElo "2404"]
[BlackElo "2594"]
[PlyCount "80"]

1. d4 d5 2. c4 e6 3. Nc3 c6 4. e4 dxe4 5. Nxe4 Bb4+ 6. Bd2 Qxd4 7. Bxb4 Qxe4+
8. Be2 Na6 9. Bd6 e5 10. Nf3 Bg4 11. O-O O-O-O 12. Re1 Bxf3 13. Bxf3 Qg6 14. c5
Nxc5 15. Bg4+ f5 16. Qc2 fxg4 17. Qxg6 hxg6 18. Bxc5 Nf6 19. Rxe5 Nd7 20. Rg5
Nxc5 21. Rxc5 Rh5 22. Rc2 Rdh8 23. f4 g3 24. h3 g5 25. Rf1 gxf4 26. Rxf4 Rd8
27. Rc3 Rg5 28. Rff3 Rd1+ 29. Rf1 Rd2 30. Rb3 b6 31. Rff3 c5 32. Rxg3 Rxg3 33.
Rxg3 Rxb2 34. Rxg7 c4 35. Rxa7 c3 36. Ra3 c2 37. Rc3+ Kd7 38. Kh2 Rxa2 39. h4
b5 40. h5 b4 0-1

[Event "Championnat de Paris"]
[Site "Paris"]
[Date "????.??.??"]
[Round "2.5"]
[White "Fridman, Daniel"]
[Black "Monroy, Charles"]
[Result "0-1"]
[WhiteElo "2569"]
[BlackElo "2388"]
[PlyCount "82"]

1. d4 Nf6 2. Nf3 e6 3. c4 b6 4. g3 Ba6 5. b3 Bb7 6. Bg2 Bb4+ 7. Bd2 a5 8. O-O
O-O 9. Qc2 d6 10. a3 Bxd2 11. Nbxd2 Nbd7 12. e4 e5 13. d5 c6 14. b4 b5 15. Rfc1
axb4 16. axb4 bxc4 17. dxc6 Bxc6 18. Qxc4 Qb6 19. Ra5 Bb7 20. Qb5 Qxb5 21. Rxb5
Rfc8 22. Rxc8+ Bxc8 23. Bf1 Kf8 24. Bc4 Ke7 25. Nh4 g6 26. f3 Ra1+ 27. Kf2 Ba6
28. Ra5 Rd1 29. Bxa6 Rxd2+ 30. Be2 Rb2 31. Rb5 d5 32. exd5 Kd6 33. Ng2 Nxd5 34.
Kf1 Nc3 35. Ne3 Rxe2 36. Nc4+ Kc6 37. Ra5 Rxh2 38. Ra7 Nd5 39. Na5+ Kd6 40.
Ra6+ Ke7 41. Nc6+ Kf8 0-1

[Event "Championnat de Paris"]
[Site "Paris"]
[Date "????.??.??"]
[Round "2.7"]
[White "Dizdar, Goran"]
[Black "Draoui, Najib"]
[Result "1-0"]
[WhiteElo "2521"]
[BlackElo "2379"]
[PlyCount "41"]

1. Nf3 d5 2. g3 Nf6 3. Bg2 Bg4 4. c4 e6 5. Ne5 c6 6. cxd5 exd5 7. Nxg4 Nxg4 8.
e4 Nf6 9. e5 Ne4 10. O-O Nc5 11. d4 Ne6 12. Nc3 Qb6 13. Be3 Nd7 14. Qd2 Qa5 15.
a3 Nb6 16. b3 Rd8 17. f4 c5 18. b4 cxb4 19. axb4 Qxb4 20. Rfb1 Nc4 21. Qc1 1-0

[Event "Championnat de Paris"]
[Site "Paris"]
[Date "????.??.??"]
[Round "2.8"]
[White "Spiridonov, Nikola"]
[Black "Drasko, Milan"]
[Result "0-1"]
[WhiteElo "2378"]
[BlackElo "2521"]
[PlyCount "94"]

1. c4 Nf6 2. g3 c6 3. Nf3 d5 4. b3 Bg4 5. Bg2 Nbd7 6. d3 e5 7. cxd5 cxd5 8. O-O
h6 9. h3 Be6 10. e3 Bd6 11. Bb2 O-O 12. Nc3 a6 13. Rc1 Qe7 14. Ne2 Rfc8 15. d4
e4 16. Ne5 Nf8 17. Qd2 g5 18. Rxc8 Rxc8 19. Rc1 Rxc1+ 20. Nxc1 Ne8 21. Qd1 Ng7
22. Ng4 h5 23. Nh2 Qd7 24. Qf1 Qc8 25. a4 Ng6 26. b4 Bxb4 27. Na2 Ba5 28. Qb1
Qc4 29. Bf1 Qxa4 30. Bc3 Bxc3 31. Nxc3 Qc6 32. Qb4 Ne8 33. Be2 Nf6 34. Na4 Bxh3
35. Nc5 Bc8 36. Nf1 h4 37. gxh4 gxh4 38. f3 b6 39. Na4 Qc2 40. Qxb6 Qxe2 41.
Qd8+ Kg7 42. Qxc8 exf3 43. Qh3 Ne4 44. Nc5 Qf2+ 45. Kh1 Ng3+ 46. Nxg3 hxg3 47.
Ne6+ fxe6 0-1

[Event "Championnat de Paris"]
[Site "Paris"]
[Date "????.??.??"]
[Round "2.9"]
[White "Moradiabadi, Elshan"]
[Black "Mullon, Jean-Baptiste"]
[Result "1-0"]
[WhiteElo "2502"]
[BlackElo "2375"]
[PlyCount "41"]

1. d4 d5 2. c4 c6 3. Nf3 Nf6 4. e3 a6 5. Nc3 Bg4 6. h3 Bxf3 7. Qxf3 b5 8. cxd5
cxd5 9. e4 dxe4 10. Nxe4 Nxe4 11. Qxe4 Ra7 12. Bd3 e6 13. O-O Be7 14. Be3 Rd7
15. a4 b4 16. Rfd1 h6 17. Rac1 g6 18. Bc4 Kf8 19. d5 exd5 20. Rxd5 Rxd5 21.
Bxd5 1-0

[Event "Championnat de Paris"]
[Site "Paris"]
[Date "????.??.??"]
[Round "2.10"]
[White "Evdokimov, Alexander A"]
[Black "Badev, Kiril"]
[Result "1-0"]
[WhiteElo "2500"]
[BlackElo "2340"]
[PlyCount "129"]

1. d4 Nf6 2. c4 g6 3. Nc3 Bg7 4. e4 d6 5. Nf3 O-O 6. Be2 e5 7. O-O exd4 8. Nxd4
Re8 9. f3 Nc6 10. Be3 Nh5 11. Qd2 Nf4 12. Rfd1 Nxd4 13. Bxd4 Bxd4+ 14. Qxd4 Qg5
15. Bf1 Be6 16. g3 Nh5 17. Nd5 Bxd5 18. cxd5 f5 19. exf5 Qxf5 20. f4 Re4 21.
Qf2 Re7 22. Bd3 Qf6 23. Rac1 b6 24. Bb5 Rf8 25. Re1 Rff7 26. Bc4 Kf8 27. Kh1
Qf5 28. Qd4 Kg8 29. Kg1 Ng7 30. Bd3 Qd7 31. Qc4 Qg4 32. Be2 Qf5 33. Bd3 Qf6 34.
Qc3 Qxc3 35. bxc3 Kf8 36. Kf1 Nh5 37. Be2 Nf6 38. Bf3 Nd7 39. Rxe7 Rxe7 40. Re1
Rxe1+ 41. Kxe1 Ke7 42. Kd2 Nc5 43. g4 Kf6 44. g5+ Kg7 45. Ke3 b5 46. Kd4 a6 47.
Bg4 h6 48. h4 Na4 49. Be2 hxg5 50. hxg5 Nc5 51. a3 Nb3+ 52. Ke3 Na5 53. Kd4
Nb3+ 54. Ke3 Na5 55. c4 bxc4 56. Kd4 c5+ 57. dxc6 Nxc6+ 58. Kxc4 Kf7 59. Bf3
Ne7 60. Bb7 Ke6 61. Bxa6 Kf5 62. Bb7 Kxf4 63. a4 Ke5 64. a5 d5+ 65. Kc5 1-0

[Event "Championnat de Paris"]
[Site "Paris"]
[Date "????.??.??"]
[Round "2.11"]
[White "Bellaiche, Anthony"]
[Black "Camus De Solliers, Guillaume"]
[Result "1-0"]
[WhiteElo "2482"]
[BlackElo "2307"]
[PlyCount "139"]

1. d4 Nf6 2. c4 e6 3. Nf3 b6 4. a3 Ba6 5. Qc2 Bb7 6. Nc3 c5 7. e4 cxd4 8. Nxd4
Bc5 9. Nb3 Nc6 10. Bg5 h6 11. Bh4 Nd4 12. Nxd4 Bxd4 13. Bd3 Qb8 14. Bg3 Be5 15.
O-O Bxg3 16. hxg3 Qe5 17. Rfe1 Ng4 18. Be2 h5 19. Rad1 Nf6 20. Nb5 Bxe4 21. Qd2
O-O 22. Nd6 Qc5 23. b4 Qc6 24. Qe3 Rad8 25. Nxe4 Qxe4 26. Qxe4 Nxe4 27. Bxh5
Nf6 28. Be2 d5 29. cxd5 Nxd5 30. Ba6 Nc7 31. Bb7 Nb5 32. Ra1 Rd2 33. a4 Nd6 34.
Ba6 Nf5 35. Rec1 Rfd8 36. Rc7 R8d7 37. Rac1 Kf8 38. Bb5 Rxc7 39. Rxc7 Rd4 40.
Rxa7 Rxb4 41. Rb7 Nd4 42. Rxb6 Nxb5 43. axb5 Rb1+ 44. Kh2 g5 45. g4 Rb2 46. Kg3
Rb3+ 47. f3 Rb2 48. Rb7 f5 49. gxf5 exf5 50. b6 Kg8 51. Rb8+ Kg7 52. b7 Kh7 53.
Kh2 Rb1 54. g3 Kg7 55. Kg2 Rb2+ 56. Kf1 Kh7 57. Ke1 Kg7 58. Kd1 Kh7 59. Kc1 Rb6
60. Kc2 Kg7 61. Kc3 Rb1 62. Kd4 Rb5 63. Kc4 Rb1 64. Kd5 Rb2 65. Ke6 f4 66. g4
Rb6+ 67. Ke5 Rb3 68. Kd6 Rb2 69. Re8 Rd2+ 70. Kc5 1-0

[Event "Championnat de Paris"]
[Site "Paris"]
[Date "????.??.??"]
[Round "2.12"]
[White "Spielmann, Alain"]
[Black "Jovanic, Ognjen"]
[Result "0-1"]
[WhiteElo "2231"]
[BlackElo "2464"]
[PlyCount "100"]

1. Nf3 d5 2. g3 Bg4 3. Bg2 Nd7 4. d4 e6 5. O-O Bd6 6. Nbd2 f5 7. c4 c6 8. Qb3
Rb8 9. Qc2 Nh6 10. Nb3 Nf7 11. Nc5 Qe7 12. Nxd7 Qxd7 13. Ng5 Bh5 14. Nh3 O-O
15. Bf4 Bg4 16. cxd5 exd5 17. Bxd6 Nxd6 18. Nf4 g5 19. Nd3 f4 20. gxf4 gxf4 21.
Ne5 Qe6 22. Nxg4 Qxg4 23. Kh1 Kh8 24. Rg1 Qh4 25. Raf1 Rg8 26. Bf3 Rxg1+ 27.
Rxg1 Qxf2 28. Qc5 Rg8 29. Rxg8+ Kxg8 30. h3 Qe1+ 31. Kg2 Qg3+ 32. Kf1 Qxh3+ 33.
Bg2 Qe6 34. Qxa7 Kg7 35. Ke1 Qe7 36. Qb8 Qf6 37. a4 Kg6 38. Qg8+ Kh6 39. Qb8
Kg5 40. Qg8+ Qg6 41. Qd8+ Kg4 42. Kf2 Ne4+ 43. Bxe4 dxe4 44. Qd7+ Kh4 45. Qxb7
h5 46. Qe7+ Kh3 47. Qe5 e3+ 48. Kf3 Qg4+ 49. Ke4 Kg3 50. a5 Qg6+ 0-1

[Event "Championnat de Paris"]
[Site "Paris"]
[Date "????.??.??"]
[Round "2.13"]
[White "Marzolo, Cyril"]
[Black "Touboulic, Julien"]
[Result "1-0"]
[WhiteElo "2440"]
[BlackElo "2244"]
[PlyCount "23"]

1. d4 Nf6 2. c4 g6 3. Nc3 d5 4. Bf4 Bg7 5. e3 c5 6. dxc5 Qa5 7. Rc1 dxc4 8.
Bxc4 Qxc5 9. Nb5 Qb4+ 10. Kf1 O-O 11. a3 Qa5 12. b4 1-0

[Event "Championnat de Paris"]
[Site "Paris"]
[Date "????.??.??"]
[Round "2.14"]
[White "Landa, Konstantin"]
[Black "Emmenecker, Philippe"]
[Result "1-0"]
[WhiteElo "2584"]
[BlackElo "2175"]
[PlyCount "47"]

1. e4 c5 2. Nc3 Nc6 3. Nf3 Nf6 4. Bb5 g6 5. e5 Ng4 6. Bxc6 dxc6 7. h3 Nh6 8. g4
Bg7 9. d3 f6 10. Bf4 Nxg4 11. hxg4 Bxg4 12. Rg1 h5 13. Qe2 fxe5 14. Bh2 Qa5 15.
Qe4 O-O-O 16. Nxe5 c4 17. Rxg4 Bxe5 18. Bxe5 Rhf8 19. Rxg6 Qb6 20. O-O-O cxd3
21. Rxd3 Rxd3 22. cxd3 Rxf2 23. Rg8+ Kd7 24. Qd4+ 1-0

[Event "Championnat de Paris"]
[Site "Paris"]
[Date "????.??.??"]
[Round "2.16"]
[White "Elbilia, Jacques"]
[Black "Fedorchuk, Sergey A"]
[Result "0-1"]
[WhiteElo "2358"]
[BlackElo "2592"]
[PlyCount "108"]

1. d4 Nf6 2. c4 e6 3. Nf3 b6 4. g3 Ba6 5. Qa4 Bb7 6. Bg2 c5 7. dxc5 bxc5 8. O-O
Be7 9. Nc3 O-O 10. Rd1 Qb6 11. Bf4 Rd8 12. Qb3 d6 13. Qxb6 axb6 14. Nb5 Ne8 15.
h4 h6 16. Rd2 Nc6 17. Ne1 g5 18. hxg5 hxg5 19. Be3 Rd7 20. b3 Ng7 21. g4 f5 22.
gxf5 Nxf5 23. Rad1 Nxe3 24. fxe3 Rad8 25. Nd3 Kf7 26. Nf2 Na5 27. Bxb7 Nxb7 28.
Ne4 Kg6 29. Nec3 Bf6 30. Kg2 Be5 31. Rh1 Na5 32. Na4 Rb8 33. e4 Nc6 34. e3 Nd8
35. Nb2 Nf7 36. Nd3 Bg7 37. Nf2 Rbd8 38. Rhd1 Be5 39. Ng4 Bg7 40. Kg3 Rh8 41.
Rh2 Rxh2 42. Kxh2 Ne5 43. Kg3 Nxg4 44. Kxg4 Be5 45. Rh1 Rf7 46. Rh5 Rf2 47.
Rxg5+ Kf6 48. Rh5 Rxa2 49. Rh6+ Kf7 50. Rh7+ Kg8 51. Rd7 Rd2 52. Nc7 Rg2+ 53.
Kf3 Rb2 54. Nxe6 Rxb3 {illisible} 0-1

[Event "Championnat de Paris"]
[Site "Paris"]
[Date "????.??.??"]
[Round "2.17"]
[White "Saatdjian, Thomas"]
[Black "Jankovic, Alojzije"]
[Result "0-1"]
[WhiteElo "2202"]
[BlackElo "2525"]
[PlyCount "70"]

1. Nf3 Nf6 2. c4 g6 3. Nc3 Bg7 4. e4 d6 5. d4 O-O 6. Be2 Nbd7 7. O-O e5 8. Qc2
Nh5 9. Rd1 Nf4 10. Be3 Nxe2+ 11. Qxe2 c6 12. Rab1 f5 13. exf5 gxf5 14. Bg5 Qe8
15. d5 h6 16. Bh4 e4 17. Nd4 Ne5 18. f4 exf3 19. Nxf3 c5 20. Nb5 Qd7 21. Nxe5
Bxe5 22. Bf2 Qg7 23. Qf3 f4 24. h3 Bf5 25. Rbc1 a6 26. Nc3 b5 27. b3 bxc4 28.
bxc4 Rab8 29. Rd2 Rb4 30. Ne4 Rfb8 31. Re2 Rb1 32. Rce1 R8b2 33. Rxb1 Rxb1+ 34.
Kh2 Rc1 35. Nd2 Rc3 0-1

[Event "Championnat de Paris"]
[Site "Paris"]
[Date "????.??.??"]
[Round "2.18"]
[White "Leconte, Maria"]
[Black "Brochet, Philippe"]
[Result "1-0"]
[WhiteElo "2304"]
[BlackElo "2398"]
[PlyCount "45"]

1. e4 c5 2. Nf3 Nc6 3. Nc3 d6 4. d4 cxd4 5. Nxd4 Nf6 6. g3 Bg4 7. f3 Nxd4 8.
Qxd4 Bxf3 9. Bb5+ Nd7 10. Rf1 Bg4 11. Qd5 Be6 12. Qxb7 Rb8 13. Qxa7 g6 14. Nd5
Rc8 15. Be3 Bxd5 16. exd5 Rxc2 17. Qa4 Rc8 18. Rc1 Rxc1+ 19. Bxc1 Bg7 20. Rf2
Be5 21. Rc2 e6 22. dxe6 fxe6 23. Bxd7+ 1-0

[Event "Championnat de Paris"]
[Site "Paris"]
[Date "????.??.??"]
[Round "2.19"]
[White "Shchekachev, Andrei"]
[Black "Dourerassou, Jonathan"]
[Result "1/2-1/2"]
[WhiteElo "2593"]
[BlackElo "2336"]
[PlyCount "116"]

1. Nf3 Nf6 2. c4 c5 3. g3 d5 4. d4 dxc4 5. Qa4+ Bd7 6. Qxc4 Bc6 7. Bg2 e6 8.
dxc5 Bd5 9. Qh4 Bxc5 10. Nc3 Bc6 11. O-O Nbd7 12. e4 e5 13. Bg5 O-O 14. Bxf6
Qxf6 15. Qxf6 gxf6 16. Rac1 Rfd8 17. Nh4 Bd4 18. Nd5 Bxd5 19. exd5 Rac8 20. Nf5
Kf8 21. d6 Bxb2 22. Rb1 Bd4 23. Rxb7 Bb6 24. Ne7 Rc2 25. Be4 Nc5 26. Bxc2 Nxb7
27. Bxh7 Nxd6 28. Nf5 Ne4 29. Ne3 Ng5 30. Bf5 Rd2 31. Nc4 Rxa2 32. Nxb6 axb6
33. Rb1 Nf3+ 34. Kg2 Nd4 35. g4 b5 36. Be4 Ra4 37. h3 b4 38. Bd5 Kg7 39. Bc4 f5
40. gxf5 Kf6 41. h4 b3 42. Bxb3 Nxb3 43. Rxb3 Rxh4 44. Rb7 Rf4 45. f3 Rxf5 46.
Kg3 Rf4 47. Ra7 Kg5 48. Ra5 f6 49. Rb5 Ra4 50. Rc5 Ra3 51. Kf2 f5 52. Rxe5 Kf4
53. Rb5 Rxf3+ 54. Kg2 Re3 55. Kf2 Re4 56. Rb3 Ra4 57. Rf3+ Kg4 58. Rg3+ Kf4
1/2-1/2

[Event "Championnat de Paris"]
[Site "Paris"]
[Date "????.??.??"]
[Round "2.20"]
[White "Guliyev, Namig"]
[Black "Forthofer, Robert"]
[Result "1-0"]
[WhiteElo "2543"]
[BlackElo "2255"]
[PlyCount "45"]

1. e4 c5 2. Nf3 Nc6 3. d4 cxd4 4. Nxd4 Nf6 5. Nc3 e5 6. Ndb5 d6 7. Bg5 a6 8.
Na3 b5 9. Bxf6 gxf6 10. Nd5 Bg7 11. c3 f5 12. exf5 Bxf5 13. Nc2 O-O 14. Nce3
Be6 15. Bd3 f5 16. Qh5 e4 17. Bc2 Ne7 18. Rd1 Ng6 19. f4 exf3 20. gxf3 f4 21.
Nf5 Ra7 22. O-O Qa8 23. Nfe7+ 1-0

[Event "Championnat de Paris"]
[Site "Paris"]
[Date "????.??.??"]
[Round "2.21"]
[White "Shirazi, Kamran"]
[Black "Peyrat, Olivier"]
[Result "0-1"]
[WhiteElo "2429"]
[BlackElo "2251"]
[PlyCount "98"]

1. e4 e6 2. d4 d5 3. Nc3 dxe4 4. Nxe4 Bd7 5. c4 Bc6 6. Nc3 Nf6 7. f3 Be7 8.
Nge2 O-O 9. a3 a5 10. Nf4 b6 11. Bd3 Bb7 12. Be3 Nbd7 13. Qe2 e5 14. dxe5 Nxe5
15. O-O-O Nxd3+ 16. Rxd3 Qe8 17. Bd4 Bd8 18. Re1 Qc6 19. Bxf6 Bxf6 20. Nfd5
Bg5+ 21. f4 Rae8 22. Re3 Rxe3 23. Qxe3 Bd8 24. Qe4 Qh6 25. g3 Ba6 26. Rd1 Qe6
27. Qd4 h6 28. c5 Re8 29. cxb6 cxb6 30. Na4 b5 31. Nc5 Qc6 32. Kb1 Bc8 33. Rc1
Bf5+ 34. Ka1 b4 35. a4 Kf8 36. Ne3 Bc8 37. Nc4 Qg2 38. Nd7+ Bxd7 39. Qxd7 Bf6
40. Qb5 Rc8 41. Rb1 Qxh2 42. Nd6 Qxg3 43. Ka2 Rd8 44. Qd5 b3+ 45. Ka3 Rxd6 46.
Qc5 Be7 47. f5 Rf6 48. Qxe7+ Kxe7 49. Rd1 Qd6+ 0-1

[Event "Championnat de Paris"]
[Site "Paris"]
[Date "????.??.??"]
[Round "2.22"]
[White "Houhou, Olivier"]
[Black "Onkoud, Abdelaziz"]
[Result "1-0"]
[WhiteElo "2255"]
[BlackElo "2427"]
[PlyCount "91"]

1. e4 d6 2. d4 g6 3. Nc3 Bg7 4. Nf3 Nd7 5. Be3 a6 6. Bd3 b5 7. a4 b4 8. Ne2
Ngf6 9. Ng3 Bb7 10. O-O h5 11. Bg5 Nh7 12. Bd2 h4 13. Ne2 h3 14. Ng3 hxg2 15.
Re1 e5 16. d5 Ndf6 17. Kxg2 Qd7 18. Ng1 Ng4 19. h3 Nh6 20. Qc1 Nf6 21. Bxb4
Nhg8 22. Ra3 Bc8 23. Bf1 Rb8 24. Bd2 Ne7 25. b4 Nh5 26. Nxh5 gxh5 27. b5 Ra8
28. c4 f5 29. Nf3 Bf6 30. Ng5 Rg8 31. Kh2 Bxg5 32. Bxg5 fxe4 33. Be2 Qf5 34.
Bxh5+ Kd8 35. Rg1 Bd7 36. Rag3 axb5 37. Bxe7+ Kxe7 38. Rg7+ Rxg7 39. Rxg7+ Kf8
40. Rf7+ Qxf7 41. Bxf7 Kxf7 42. cxb5 Rxa4 43. Qxc7 Ke8 44. b6 Ra2 45. b7 Rxf2+
46. Kg1 1-0

[Event "Championnat de Paris"]
[Site "Paris"]
[Date "????.??.??"]
[Round "2.23"]
[White "Karr, Jean-Philippe"]
[Black "Lamorelle, Julien"]
[Result "1-0"]
[WhiteElo "2394"]
[BlackElo "2230"]
[PlyCount "111"]

1. d4 Nf6 2. c4 g6 3. Nc3 Bg7 4. e4 d6 5. Nf3 O-O 6. Be2 e5 7. O-O Nc6 8. d5
Ne7 9. b4 a5 10. Ba3 axb4 11. Bxb4 b6 12. a4 Ne8 13. Qb3 Rb8 14. Nb5 f5 15. Nd2
Kh8 16. Rfd1 c6 17. dxc6 Nxc6 18. Nf1 Nd4 19. Nxd4 exd4 20. Bd3 Bb7 21. Nd2 Qh4
22. exf5 Be5 23. g3 Qh3 24. Be4 Bxe4 25. Nxe4 Rxf5 26. Qa2 Qg4 27. Re1 Rc8 28.
Rab1 d3 29. Bc3 Bxc3 30. Nxc3 Qd4 31. Nb5 Qf6 32. Qd2 d5 33. Qxd3 dxc4 34. Qd7
Qd8 35. Rbd1 Qxd7 36. Rxd7 Rf6 37. Kg2 Kg8 38. Nc3 Rf7 39. Ree7 Rxe7 40. Rxe7
Rd8 41. Re4 Nd6 42. Rd4 Kf7 43. Nb5 Ke6 44. Nxd6 Rxd6 45. Rxc4 Kd5 46. Rc7 h5
47. f4 Ke4 48. Re7+ Kd3 49. Kh3 Kc4 50. Kh4 Kb4 51. Re4+ Ka5 52. Kg5 Rd2 53.
Kxg6 Rxh2 54. f5 Rg2 55. f6 Rxg3+ 56. Kxh5 1-0

[Event "Championnat de Paris"]
[Site "Paris"]
[Date "????.??.??"]
[Round "2.24"]
[White "Azadharf, Farrokh"]
[Black "Calistri, Tristan"]
[Result "0-1"]
[WhiteElo "2251"]
[BlackElo "2370"]
[PlyCount "78"]

1. e4 c5 2. Nf3 Nc6 3. Bb5 Na5 4. O-O a6 5. Be2 e6 6. c3 Nf6 7. e5 Nd5 8. d4
cxd4 9. c4 Ne7 10. b4 Nac6 11. b5 axb5 12. cxb5 Nb4 13. Nxd4 Ng6 14. a3 Nd5 15.
Bc4 Nb6 16. Bb3 Nxe5 17. Qe2 Ng6 18. Bb2 Be7 19. a4 d5 20. f4 O-O 21. f5 exf5
22. Nxf5 Bxf5 23. Rxf5 Bc5+ 24. Kh1 Qh4 25. Nd2 Rae8 26. Qf1 Be3 27. Qd1 Qh6
28. Nf1 Nc4 29. Qxd5 Ne7 30. Qxc4 Nxf5 31. Ba3 Rc8 32. Qe4 Qf6 33. Rb1 Rfe8 34.
Qxb7 Bd4 35. Qd5 Rcd8 36. Qf3 Rc8 37. Bb4 Qg6 38. a5 Nh4 39. Qh3 Qxb1 0-1

[Event "Championnat de Paris"]
[Site "Paris"]
[Date "????.??.??"]
[Round "2.25"]
[White "Colson, Arnaud"]
[Black "Paredes Galan, Angel"]
[Result "1/2-1/2"]
[WhiteElo "2211"]
[BlackElo "2361"]
[PlyCount "79"]

1. d4 Nf6 2. c4 g6 3. Nc3 Bg7 4. e4 d6 5. f4 Na6 6. Nf3 O-O 7. e5 Ne8 8. Be2 c5
9. d5 Bg4 10. Ng5 Bxe2 11. Qxe2 Nac7 12. e6 fxe6 13. Nxe6 Nxe6 14. Qxe6+ Kh8
15. Bd2 Nc7 16. Qe2 Qd7 17. O-O-O b5 18. cxb5 Rab8 19. Rde1 Nxb5 20. Qxe7 Qf5
21. Qe4 Nxc3 22. bxc3 c4 23. Qxf5 gxf5 24. Re7 Bf6 25. Rc7 Rb5 26. Rxc4 Rxd5
27. Re1 Ra5 28. a4 Rf7 29. Re8+ Kg7 30. Kc2 d5 31. Rb4 Rc5 32. Kb3 Rfc7 33. Re3
Kf7 34. Rb5 Rxb5+ 35. axb5 Rc5 36. Rh3 Rxb5+ 37. Kc2 Kg6 38. Rg3+ Kf7 39. Rh3
Kg6 40. Rg3+ 1/2-1/2

[Event "Championnat de Paris"]
[Site "Paris"]
[Date "????.??.??"]
[Round "2.26"]
[White "Boukobza, Adrien"]
[Black "Picard, Romain"]
[Result "1/2-1/2"]
[WhiteElo "2192"]
[BlackElo "2357"]
[PlyCount "45"]

1. d4 e6 2. c4 b6 3. Nc3 Bb7 4. Nf3 Nf6 5. e3 d5 6. cxd5 exd5 7. Bd3 Bd6 8. O-O
O-O 9. Qc2 c5 10. dxc5 bxc5 11. Rd1 Nc6 12. a3 Rc8 13. Nb5 Be7 14. Bf5 Ra8 15.
Nc3 Qc7 16. Nxd5 Nxd5 17. Bxh7+ Kh8 18. Rxd5 Nb4 19. Rh5 Nxc2 20. Bg6+ Kg8 21.
Bh7+ Kh8 22. Bg6+ Kg8 23. Bh7+ 1/2-1/2

[Event "Championnat de Paris"]
[Site "Paris"]
[Date "????.??.??"]
[Round "2.27"]
[White "Nguyen, Chi-Minh"]
[Black "Eche, Sylvain"]
[Result "1-0"]
[WhiteElo "2343"]
[BlackElo "2203"]
[PlyCount "47"]

1. d4 Nf6 2. c4 e6 3. Nc3 Bb4 4. e3 b6 5. f3 O-O 6. e4 Nxe4 7. fxe4 Qh4+ 8. Kd2
Qxe4 9. Nf3 Bb7 10. a3 Bxc3+ 11. Kxc3 c5 12. dxc5 bxc5 13. Qe1 Qg6 14. Bd3 f5
15. Qg3 Qh5 16. Bf4 d5 17. Rhe1 Qe8 18. Ng5 d4+ 19. Kd2 Rf6 20. Rxe6 Rxe6 21.
Nxe6 Qxe6 22. Bxb8 Be4 23. Qe5 Qb6 24. Qe8# 1-0

[Event "Championnat de Paris"]
[Site "Paris"]
[Date "????.??.??"]
[Round "2.28"]
[White "Toulzac, Pierre-Yves"]
[Black "Do, Huu-Thi"]
[Result "0-1"]
[WhiteElo "2331"]
[BlackElo "2170"]
[PlyCount "114"]

1. d4 Nf6 2. c4 g6 3. Nc3 Bg7 4. e4 O-O 5. Nf3 d6 6. Be2 Nbd7 7. Bg5 c5 8. d5
b5 9. cxb5 a6 10. O-O axb5 11. Bxb5 Ba6 12. a4 h6 13. Bd2 Bxb5 14. axb5 Rxa1
15. Qxa1 Qc7 16. Qa6 Nb6 17. Na4 Nxa4 18. Qxa4 Qb7 19. e5 Ra8 20. Qc2 Nh7 21.
exd6 exd6 22. Bf4 Rd8 23. Qb3 g5 24. Bc1 Rb8 25. h4 Bf6 26. hxg5 hxg5 27. Qd3
Qd7 28. Nd2 Rxb5 29. Ne4 Be7 30. Ng3 Rb4 31. Nf5 Bf6 32. Qh3 Kh8 33. Bd2 Re4
34. Bc3 Bxc3 35. bxc3 g4 36. Qh5 Re5 37. Ra1 Qxf5 38. Qh6 Re8 39. Qxd6 Nf6 40.
Qxc5 Qxd5 41. Qxd5 Nxd5 42. c4 Nf6 43. c5 Re6 44. Ra4 Re1+ 45. Kh2 Rc1 46. Ra8+
Kg7 47. Rc8 Rc3 48. c6 Ne4 49. f3 gxf3 50. gxf3 Nd6 51. Rd8 Rxc6 52. Kg3 Kf6
53. Rh8 Nf5+ 54. Kf2 Rc2+ 55. Ke1 Nd4 56. Rh3 Kf5 57. Kd1 Ra2 0-1

[Event "Championnat de Paris"]
[Site "Paris"]
[Date "????.??.??"]
[Round "2.29"]
[White "Blazkova, Petra"]
[Black "Rrhioua, Tarik"]
[Result "1-0"]
[WhiteElo "2173"]
[BlackElo "2329"]
[PlyCount "41"]

1. e4 e6 2. d4 d5 3. Nc3 Bb4 4. e5 c5 5. Qg4 Ne7 6. dxc5 d4 7. a3 Ba5 8. b4
dxc3 9. bxa5 Nbc6 10. Nf3 Qxa5 11. Bd3 Qxc5 12. Be3 Qa5 13. O-O b6 14. Be4 Bb7
15. Rfd1 Qa4 16. Qxg7 Rg8 17. Qxh7 Na5 18. Ng5 Rf8 19. Nxe6 fxe6 20. Bg6+ Nxg6
21. Qxg6+ 1-0

[Event "Championnat de Paris"]
[Site "Paris"]
[Date "????.??.??"]
[Round "2.30"]
[White "Salaun, Yann"]
[Black "Morabbi, Armin"]
[Result "1-0"]
[WhiteElo "2312"]
[BlackElo "2137"]
[PlyCount "61"]

1. d4 c5 2. d5 e5 3. e4 d6 4. c4 Be7 5. Bd3 Bg5 6. Nd2 Nf6 7. Ngf3 Bf4 8. g3
Bh6 9. h3 a6 10. Kf1 g6 11. Kg2 Nh5 12. Qc2 Ng7 13. b4 Nd7 14. bxc5 Nxc5 15.
Nb3 Bxc1 16. Nxc5 Bg5 17. Na4 Be7 18. Rab1 O-O 19. Nb6 Rb8 20. c5 f5 21. c6 Qc7
22. Rhc1 bxc6 23. Qxc6 Qa7 24. Nxc8 Rbxc8 25. Qxc8 Rxc8 26. Rxc8+ Kf7 27. Rbc1
fxe4 28. Ng5+ Kf6 29. Nxe4+ Kf5 30. R1c7 Qd4 31. Rf8+ 1-0

[Event "Championnat de Paris"]
[Site "Paris"]
[Date "????.??.??"]
[Round "2.31"]
[White "Vallepin, Cedric"]
[Black "Karim, Ismael"]
[Result "0-1"]
[WhiteElo "2150"]
[BlackElo "2288"]
[PlyCount "34"]

1. e4 e5 2. Nf3 Nc6 3. Nc3 Nf6 4. Bb5 Bd6 5. Bxc6 dxc6 6. h3 c5 7. d3 Nd7 8.
Nd5 Nb8 9. O-O Nc6 10. c3 O-O 11. Qb3 Kh8 12. a4 f5 13. Bg5 Qe8 14. exf5 Bxf5
15. Rfe1 Qg6 16. Qxb7 Na5 17. Qa6 e4 0-1

[Event "Championnat de Paris"]
[Site "Paris"]
[Date "????.??.??"]
[Round "2.32"]
[White "Liard, Thibaud"]
[Black "Morelle, Ludovic"]
[Result "0-1"]
[WhiteElo "2135"]
[BlackElo "2283"]
[PlyCount "112"]

1. d4 d5 2. Nf3 Nc6 3. Bf4 Bf5 4. e3 f6 5. Bb5 Qd7 6. c4 e6 7. Nc3 Nge7 8. cxd5
exd5 9. Rc1 a6 10. Qa4 Rd8 11. Be2 Nc8 12. O-O Nb6 13. Qb3 Na5 14. Qd1 Be7 15.
h3 Rc8 16. Bd3 Nac4 17. Bxf5 Qxf5 18. b3 Nd6 19. Na4 Nxa4 20. bxa4 Nc4 21. Nd2
b5 22. Bg3 Qd7 23. axb5 axb5 24. e4 Nxd2 25. Qxd2 dxe4 26. Qf4 c6 27. Qxe4 O-O
28. Rfd1 Rfe8 29. Qf3 Qd5 30. Qxd5+ cxd5 31. Bf4 Rc4 32. Rb1 b4 33. Rb2 g5 34.
Be3 Bd6 35. g4 Kf7 36. Kg2 Kg6 37. Kf3 f5 38. gxf5+ Kxf5 39. Rg1 Rg8 40. Ke2 h5
41. Kf3 Rc3 42. Rc1 Rgc8 43. Rxc3 bxc3 44. Rc2 g4+ 45. hxg4+ hxg4+ 46. Ke2 Ke4
47. a4 Bb4 48. Rc1 Ra8 49. Ra1 Ra7 50. Ra2 Ba5 51. Rc2 Rb7 52. Kd1 Kd3 53. Kc1
g3 54. Bf4 g2 55. Bh2 Bc7 56. Bg1 Bf4+ 0-1